| 000 | 03558nam a2200325 a 4500 | ||
|---|---|---|---|
| 001 | 000037743 | ||
| 003 | DO-SdBNP | ||
| 005 | 20230505103240.0 | ||
| 008 | 130305s2012 dr 000 0 spa d | ||
| 020 | _a9789993446170 | ||
| 040 |
_aDO-SdBNP _bspa _cBPMSU |
||
| 082 | 4 |
_a801.93 _bR789b 2012 _222 |
|
| 100 | 1 |
_aRosario Candelier, Bruno, _d1941- |
|
| 245 | 1 | 3 |
_aLa belleza y el sentido : _bteoría de la creación literaria / _cBruno Rosario Candelier ; editor José Enrique García |
| 246 | 1 | 3 | _aTeoría de la creación literaria |
| 260 |
_aSanto Domingo : _b Ateneo Insular, _c2012. |
||
| 300 |
_a488 p. ; _c24 cm. |
||
| 490 | 0 |
_aPor las amenas liras, _v13 |
|
| 500 | _aIncluye datos biográficos del autor en las solapas de la cubierta. | ||
| 505 | _aLa energía interior de la conciencia, 9.-- Teoría de la creación. La imagen y el concepto en la gestación de la creación, 15.-- Expresión de la belleza y el sentido. La belleza de la forma y el concepto, 29.-- Realidad, intuición y creatividad. Lenguaje, conciencia y sabiduría, 37.-- La dimensión intelectual y estética en el proceso de la creación, 47.-- La forma y el sentido en el proceso de la creación, 55.-- Dimensión conceptual y estética en la creación literaria, 61.-- Factores espirituales y estéticos en la gestación de la creación, 73.-- La dimensión lingüística y literaria en el arte de la creación verbal, 87.-- Cotidianidad y trascendencia en la creación literaria, 93.-- Intuición, inspiración y creación. Impulso y energía creadora, 105.-- Intuición, inspiración y revelación. El desarrollo del talento creador, 113.-- Intuición y reflexión en el proceso de la creación, 125.-- La intuición y la sensibilidad en el arte de la creación, 133.-- Vertientes de la creatividad en la obra de creación, 149.-- La intuición de la belleza en el proceso de la creación, 161.-- La intuición del sentido en el proceso de la creación, 175.-- La revelación del numen en la conciencia y la creación, 185.-- La belleza y el sentido en la gestación de la creación, 191.-- Impulso de la creación y energía de la creatividad, 203.-- Voz personal y voz universal en el arte de la creación, 211.-- Vertiente emotiva y conceptual de la creación literaria, 223.-- La emoción estética en el proceso de la creación, 233.-- El aliento conceptual y estético en el proceso de la creación, 239.-- La voz interior y la voz universal en la creación literaria, 249.-- La voz de la revelación en la obra de creación, 261.-- Estudios literarios. Estirpe de la palabra inspiradora. La poesía de Hugo Tolentino Dipp, 275.-- Emoción estética y aliento reflexivo en la poesía de Pedro José Gris, 285.-- Conciencia espiritual y estética de Guillermo Pérez Castillo, 293.-- La imaginación metafísica en la lírica de Pedro Ovalles, 303.-- La pasión amorosa y estética en la lírica de Carmen Comprés, 315.-- La conexión cósmica en la lírica de Conny Palacios, 327.-- Fundamento estético del interiorismo. Conciencia, interioridad y creación, 347.-- Cartas y correos literarios. Temas interioristas y literarios, 375.-- Conclusión, 479. | ||
| 590 | _aInventariado, 2023/VM | ||
| 650 | 4 | _aCreación literaria, artística, etc. | |
| 650 | 4 | _aFilosofía del arte | |
| 650 | 4 |
_aLiteratura dominicana _xCrítica e interpretación |
|
| 650 | 4 |
_aMovimientos literarios _yCrítica e interpretación |
|
| 650 | 4 |
_aLiteratura _vEnseñanza. |
|
| 700 | 1 |
_aEnrique García, José _eed. |
|
| 910 | _aVMateo V. Control de calidad (BPMSU) | ||
| 942 |
_2ddc _cBK |
||
| 999 |
_c14390 _d14390 |
||